000 00485nam a2200181Ia 4500
003 GCL
008 140319s9999 xx 000 0 ara d
040 _aGCL /
_cGCL
082 0 4 _aط
_b608
_bش أ
100 1 _aشفيق مهدى
245 1 0 _aالانسان والماكنة /
_cشفيق مهدى
300 _a32 ص
490 _aالسلسلة العلمية
_v0
650 0 4 _aالاطفال
650 0 4 _aالماكينات
650 0 4 _aالاختراعات
942 _2ddc
_cBK
999 _c51346
_d51346